Library of the University of Algiers 3
Ibrahim Sultan Cheibout
شعار جامعة الجزائر 3
مكتبة جامعة الجزائر 3
إبراهيم سلطان شيبوط

مراجعة الحسابات في بيئة التجارة الالكترونية / (رقم التسجيلة. 44234)

تفاصيل مارك
000 -LEADER
fixed length control field 01779nam a2200241Ia 4500
003 - CONTROL NUMBER IDENTIFIER
control field Ost
005 - DATE AND TIME OF LATEST TRANSACTION
control field 20260507075357.0
008 - FIXED-LENGTH DATA ELEMENTS--GENERAL INFORMATION
fixed length control field 260507s9999||||xx |||||||||||||| ||und||
020 ## - INTERNATIONAL STANDARD BOOK NUMBER
International Standard Book Number 978977634105
040 ## - CATALOGING SOURCE
Transcribing agency fsecg
041 ## - LANGUAGE CODE
Language code of text/sound track or separate title ara
082 ## - DEWEY DECIMAL CLASSIFICATION NUMBER
Classification number 330
100 ## - MAIN ENTRY--PERSONAL NAME
Personal name نخال، أيمن محمد صبري شعبان
Relator term مؤلف
245 #0 - TITLE STATEMENT
Title مراجعة الحسابات في بيئة التجارة الالكترونية /
Statement of responsibility, etc. أيمن محمد صبري شعبان نخال
260 ## - PUBLICATION, DISTRIBUTION, ETC.
Place of publication, distribution, etc. الإسكندرية:
Name of publisher, distributor, etc. دار التعليم الجامعي,
Date of publication, distribution, etc. 2010
300 ## - PHYSICAL DESCRIPTION
Extent 234 صفحة؛
Other physical details إيضاحات ؛
Dimensions 25 سم
504 ## - BIBLIOGRAPHY, ETC. NOTE
Bibliography, etc. note المراجع ص.223
520 ## - SUMMARY, ETC.
Summary, etc. أهمية دراسة مراجعة الحسابات في بيئة التجارة الالكترونية-التجارة الالكترونية:الملامح والأخطار-الأبعاد القانونية للتجارة الإلكترونية-مخاطر التجارة الإلكترونية وتأمين المعلومات-أدلة الإثبات وإجراءات المراجعة في بيئة التجارة الالكترونية-أنواع أدلة الإثبات في ضوء التشغيل الالكتروني للبيانات-أدلة الاثبات وإجراءات المراجعة في ضوء التجارة الالكترونية-دور مراجع الحسابات في بيئة التجارة الالكترونية-خدمات التأكيد على التجارة الالكترونية:خدمات الثقة في الويب-خدمات التأكيد على مصداقية النظام:خدمات الثقة في النظام
653 ## - INDEX TERM--UNCONTROLLED
Uncontrolled term التجارة الالكترونية
653 ## - INDEX TERM--UNCONTROLLED
Uncontrolled term تدقيق الحسابات
653 ## - INDEX TERM--UNCONTROLLED
Uncontrolled term مراجعة الحسابات
942 ## - ADDED ENTRY ELEMENTS (KOHA)
Koha item type كتب
المقتنيات
Withdrawn status Lost status Source of classification or shelving scheme Damaged status Not for loan Home library Current library Date acquired Serial enumeration / chronology Inventory number Total checkouts Full call number Barcode Date last seen Price effective from Koha item type
    Dewey Decimal Classification   NOT LOAN / إعارة داخلية مكتبة كلية العلوم الإقتصادية والعلوم التجارية وعلوم التسيير مكتبة كلية العلوم الإقتصادية والعلوم التجارية وعلوم التسيير 07/05/2026 الطابق الأرضي 25421   أ/4293ن1 25421 07/05/2026 07/05/2026 كتب
    Dewey Decimal Classification   Available مكتبة كلية العلوم الإقتصادية والعلوم التجارية وعلوم التسيير مكتبة كلية العلوم الإقتصادية والعلوم التجارية وعلوم التسيير 07/05/2026 الطابق الأرضي 25422   أ/4293ن2 25422 07/05/2026 07/05/2026 كتب
    Dewey Decimal Classification   Available مكتبة كلية العلوم الإقتصادية والعلوم التجارية وعلوم التسيير مكتبة كلية العلوم الإقتصادية والعلوم التجارية وعلوم التسيير 07/05/2026 الطابق الثاني 25423   أ/4293ن3 25423 07/05/2026 07/05/2026 كتب

موارد الويب المفتوحة


© University of Algiers 3 All Rights Reserved
|
Implemented by LECHELAH Riad